Az Imagine lovasbolt működési problémáinak feltárása és elemzése

Bibliographic Details
Main Author: Juhász Alexandra
Other Authors: Kozár Dr. habil László
Format: Project work
Kulcsszavak:Imagine
lovasbolt
beugrós
Online Access:http://dolgozattar.uni-bge.hu/17369

MARC

LEADER 00000nnm a2200000 i 4500
001 dolg17369
005 20180927162432.0
008 180518suuuu hu o 000 hun d
040 |a BGE Dolgozattár Repozitórium  |b hun 
041 |a hu 
100 1 |a Juhász Alexandra 
245 1 3 |a Az Imagine lovasbolt működési problémáinak feltárása és elemzése  |c Juhász Alexandra  |h [elektronikus dokumentum] 
516 |a Project_work 
695 |a Imagine 
695 |a lovasbolt 
695 |a beugrós 
700 1 |a Kozár Dr. habil László  |e ths 
856 4 0 |u http://dolgozattar.uni-bge.hu/17369/1/Projektmunka%20v%C3%A9gleg.pdf  |z Dokumentum-elérés